000 00736nam a2200241Ia 4500
003 OSt
005 20220928102144.0
006 a|||||r|||| 00| 0
007 ta
008 220927b |||||||| |||| 00| 0 eng d
020 _c700
024 _a116733
037 _b161, 10/09/2012, Classic Book Service
_cTextual
040 _aSDCL
_cSDCL
_beng
041 _2eng
_aeng
082 _aY15:4582.1'P, P6
245 0 _aGender-based violence in the Western Pacific region
_b a hidden epidemic ? (ISBN 9290612263)
260 _aSwitzerland
_bWHO
_c2006
300 _a144p
_ccm.
650 _aPsychology
942 _hY15:4582.1'P, P6
_cTEXL
_2CC
999 _c712608
_d712608